000 00463nam a2200145Ia 4500
008 100204s9999 xx 000 0 und d
082 _b18993
100 _aवाईकर गजानन
245 _aन्यायमूर्ती
260 _b"सूर्याक्षर विविधा, पुणे"
_c1996
300 _a92
630 _aन्यायमूर्ती
730 _aन्यायमूर्ती
942 _cBOOK
999 _c463416
_d463413